Overwatch - Héros par leur réplique d’ult - Statistiques

Statistiques générales
  • Ce quiz a été pris 1 104 fois
    489 depuis la dernière actualisation
  • Le résultat moyen est 36 sur 50
Statistiques - réponses
Repliques d’ult Héros % Correct
"On va passer le mur du son !", "Summix va envoyer du lourd !" Lucio
99%
"Marteau pilon !", "Pour les croisés !" Reinhardt
98%
"Une dernière volonté ?", "Ouais, approchez-vous. " Cassidy
95%
"Ramène toi, Bob.", "Bob ? Fais quelque chose !" Ashe
93%
"Nanoboost administré.", "Une piqûre et ça repars." Ana
89%
"Tu es dans la ligne de mire.", "Visière tactique activée." Soldat 76
87%
"Cris de gorille" Winston
87%
"Personne n’échappe à mon regard.", "Suivez mon regard." Fatale
86%
"L’univers, chante pour moi !", "Quelle est cette mélodie ?" Sigma
86%
"La vie protège la vie !", "Admirez mon arbre magique !" Vital
86%
"Tututututututu bruit de sirènes." Bastion
84%
"Attention, ça va péter !", "Moteur !" Chacal
84%
"Circuit d’adaptation enclenché, ______", "Duplication de _____" Echo
84%
"Apagando las luces !", "IEM activé !" Sombra
84%
"Cœur du magma !", "On va les accueillir comme il se doit !" Torbjorn
84%
"Meurt, meurt, MEURT !", "Je nettoie la zone !" Faucheur
83%
"Prends ça !", "Séquence d’autodestruction activée." D.va
82%
"Ryū ga waga teki wo kurau !", "Le dragon vous consume !" Hanzo
82%
"Ryūjin no ken wo kurae !", "Je suis en harmonie avec le dragon !" Genji
81%
"Vide bal sou yo !", "Matrice Amplificatrice déployée." Baptiste
79%
"Frappe météore !", "Prêt pour l’impact ?" Doomfist
79%
"Laissez le kitsune vous guider !", "Oh esprit de la renarde, sort tes griffes !" Kiriko
79%
"Personne ne bouge !", "Je sens que je vais jeter un froid !" Mei
79%
"Place au déluge de la justice !", "Barrage de roquettes !" Pharah
79%
"Rires asthmatiques de cochon" Chopper
78%
"Zone non autorisée.", "Champ de mine déployé !" Bouldozer
75%
“Miaouuuuuuuuu !” Jetpack Cat
74%
"Début de l’excavation !" Venture
73%
"Bienvenue en orbite !" Juno
71%
"La sérénité s’offre à vous !", "Disparaissez dans l’iris !" Zenyatta
71%
"Affrontez le soleil levant !" Illari
70%
"Soumettez-vous a ma volonté !" Moira
70%
"Souffrez, comme j’ai souffert !", "Réduisez les en pièces" Ramattra
69%
"Tous avec moi !" Brigitte
65%
"SE'I KOE IKIIKI !" Mauga
65%
"La réalité est sous mon contrôle !", "vaastavikata mere niyantran mein hai" Symmetra
65%
“Renverse le courant !” Wuyang
64%
"Halden sterben nicht !", "En route pour la victoire !" Ange
62%
“L’enfer, c’est moi !”, “Renaissance des cendres !” Anran
60%
"L’heure du jugement est arrivé !", "Amenez moi ces abrutis dans le désert !" Reine des junkers
60%
“ARRIVA LÀ PUNIZIONE !” Vendetta
60%
“Recherche et Destruction”, “Je cherche et je détruit” Emre
55%
“Servez ma conception !” Domina
53%
“Protège-nous, KAKAI !” Mizuki
52%
"Finissons-en !", "Et c’est parti !" Sojourn
52%
“Nou Vamgada” Freja
50%
"Feu à volonté !", "Ogon po gotovnosti" Zarya
50%
"Je t’ai eu !", "Plus qu’a attendre" Tracer
48%
"Accepter votre sort !", "AAAAAAAH" Orisa
42%
“Démolissez tout !” Danger
37%
Aucun quiz correspondant
Distribution des résultats
% des personnes avec chaque résultat
Percentile par nombre de réponses
Votre historique - résultats
Vous n’avez pas pris ce quiz depuis la dernière actualisation